Các thiết bị xử lý thực phẩm và bảo vệ sức khỏe

Uloženo v:
Podrobná bibliografie
Hlavní autor: Nguyễn, Minh Đức
Médium: Kniha
Jazyk:Undetermined
Vydáno: Thành phố Hồ Chí Minh Tổng hợp Thành phố Hồ Chí Minh 2005
Témata:
Tagy: Přidat tag
Žádné tagy, Buďte první, kdo otaguje tento záznam!
Thư viện lưu trữ: Trung tâm Học liệu Trường Đại học Cần Thơ
LEADER 00679nam a2200193Ia 4500
001 CTU_94816
008 210402s9999 xx 000 0 und d
020 |c 14000 
082 |a 621.381 
082 |b Đ552 
100 |a Nguyễn, Minh Đức 
245 0 |a Các thiết bị xử lý thực phẩm và bảo vệ sức khỏe 
245 0 |c Nguyễn Minh Đức 
260 |a Thành phố Hồ Chí Minh 
260 |b Tổng hợp Thành phố Hồ Chí Minh 
260 |c 2005 
650 |a Home economics,Food preservation and storage,Electronic engineering 
904 |i Năm 
980 |a Trung tâm Học liệu Trường Đại học Cần Thơ